[Event "SVK Extraliga 2017-18"]
[Site "Slovakia"]
[Date "2017.09.30"]
[Round "1"]
[White "Banusz, Tamas"]
[Black "Cvek, Robert"]
[Result "1/2-1/2"]
[WhiteElo "2608"]
[BlackElo "2506"]
[Annotator "TA"]
[PlyCount "87"]
[EventDate "2017.09.30"]
[EventType "team-tourn"]
[EventCountry "SVK"]
[SourceTitle "playchess.com"]
[Source "ChessBase"]
[SourceQuality "1"]

{[%evp 27,87,18,15,6,25,18,34,37,38,47,58,25,33,18,37,23,38,0,0,0,0,0,0,-34,34,0,0,-37,0,0,0,0,0,-24,0,0,0,0,10,0,0,5,16,0,0,0,0,0,0,0,0,0,0,0,0,0,0,0,0,0,0,0]} 1. Nf3 Nf6 2. c4 g6 3. Nc3 Bg7 4. e4 d6 5. d4 O-O 6. Be2 e5 7. d5 a5 8. Bg5 h6 9. Bh4 Na6 10. Nd2 Bd7 11. O-O Qe8 12. b3 Nh7 13. f3 h5 14. a3 Bh6 15. Qc2 {E92: King's Indian: Classical: 6 Be2 e5: 7 dxe5, 7 Be3 and Petrosian System without 7...Nbd7} (15. Rb1 Nc5 16. Qc2 f5 17. b4 axb4 18. axb4 Na4 19. Nd1 g5 20. Bf2 g4 21. fxg4 Bxd2 22. Qxd2 f4 23. gxh5 Ng5 {1-0 (75) Giri,A (2784)-Ding,L (2732) Wijk aan Zee 2015}) 15... Be3+ 16. Kh1 Bc5 17. Bd3 $146 {White is slightly better.} ({Predecessor:} 17. Bf2 Bxf2 18. Rxf2 Qe7 19. Rb1 h4 20. b4 b6 21. Qb2 f6 22. Nd1 f5 23. exf5 Bxf5 {1-0 (62) Estremera Panos,S (2354)-Trent,L (2472) Llucmajor 2015}) 17... Kg7 18. Ne2 g5 19. Bf2 Bxf2 20. Rxf2 Nc5 21. Qc3 f5 22. exf5 Nxd3 23. Qxd3 {[#] Black must now prevent g4.} Bxf5 24. Qe3 b6 25. Rff1 h4 (25... Qg6 $15) 26. Nc3 Qg6 27. Nce4 g4 (27... Bxe4 $5 28. Nxe4 Rf5 $14) 28. fxg4 Qxg4 29. h3 Qg6 30. Kh2 Bxe4 31. Nxe4 {The position is equal.} Kh8 32. Rae1 Rae8 33. b4 axb4 34. axb4 Ra8 35. c5 {And now Rxf8+ would win.} bxc5 {[#] Hoping for ...Rxf1.} 36. bxc5 Rxf1 37. Rxf1 Ra4 38. Re1 Rd4 39. cxd6 cxd6 40. Qf3 Kg7 41. Kh1 Ng5 42. Nxg5 Qxg5 43. Qc3 {aiming for Qc7+.} Qf6 44. Qc7+ {Precision: White = 55%, Black = 76%.} 1/2-1/2

[Event "SVK Extraliga 2017-18"]
[Site "Slovakia"]
[Date "2017.09.30"]
[Round "1"]
[White "Stocek, Jiri"]
[Black "Krnan, Tomas"]
[Result "1/2-1/2"]
[WhiteElo "2581"]
[BlackElo "2436"]
[Annotator "TA"]
[PlyCount "113"]
[EventDate "2017.09.30"]
[EventType "team-tourn"]
[EventCountry "SVK"]
[SourceTitle "playchess.com"]
[Source "ChessBase"]
[SourceQuality "1"]

{[%evp 9,113,20,38,4,2,-2,4,-2,-8,-10,-13,-6,0,-17,-2,-14,-4,-14,-16,-15,-11,-18,-28,-47,-31,-68,-45,-46,-47,-87,-92,-81,-91,-114,-77,-49,0,0,34,31,25,8,12,12,16,0,6,0,2,2,12,-8,0,0,0,0,0,0,0,0,35,30,31,0,23,0,0,0,0,0,12,11,10,0,0,0,0,0,0,0,0,0,8,8,40,40,40,40,40,40,40,0,8,0,40,40,40,0,0,0,0,0,0,0,0,0]} 1. d4 Nf6 2. c4 e6 3. Nf3 Bb4+ 4. Nbd2 O-O 5. a3 Be7 6. b4 {E11: Bogo-Indian} a5 7. b5 c5 8. bxc6 bxc6 9. c5 d6 10. cxd6 Bxd6 11. e4 Be7 12. Qc2 c5 13. dxc5 {[#]} Qc7 $146 ({Predecessor:} 13... Nfd7) 14. Bb2 Qxc5 15. Qxc5 Bxc5 16. Rc1 Nbd7 17. Ne5 Rb8 18. Nxd7 Nxd7 19. Rc2 Bb7 20. Bd3 Bc6 21. Nc4 Bb5 22. Ke2 a4 23. Rd1 Be7 24. Na5 {[#] Black must now prevent Bxb5.} Bf6 25. Bxf6 Nxf6 26. f3 g6 27. Rc5 Bxd3+ 28. Rxd3 Nh5 {[#] And now ...Nf4+ would win.} 29. g3 Rb1 30. Rc2 (30. Rd1 $5 {[%cal Rd1b1]} Rfb8 31. Rxb1 Rxb1 32. Rc2 $11) 30... Rh1 31. Ke3 f5 32. Nc6 fxe4 33. Kxe4 Re1+ 34. Kd4 Ng7 35. Kc5 Nf5 36. Kb5 Ne3 37. Rb2 Nd5 38. Kxa4 Rc1 39. Nb4 Ra8+ 40. Kb3 $1 Ra1 41. Nxd5 {Strongly threatening Nc3.} R1xa3+ 42. Kc2 exd5 43. f4 Rxd3 44. Kxd3 $11 {[%mdl 4096] Endgame KR-KR} Ra4 45. Ke3 h5 46. Rd2 Re4+ 47. Kf3 Ra4 48. Rxd5 Ra2 49. h4 Ra3+ 50. Ke4 Kf7 51. Rd3 (51. Rg5 {is interesting.} Kf6 52. f5 Ra4+ 53. Ke3 Ra3+ 54. Kf4) 51... Ra5 52. Kf3 Kf6 53. g4 hxg4+ {The position is equal.} 54. Kxg4 Rb5 55. Rd6+ Kf7 56. Ra6 Rc5 57. Rb6 {Precision: White = 53%, Black = 65%.} 1/2-1/2

[Event "SVK Extraliga 2017-18"]
[Site "Slovakia"]
[Date "2017.09.30"]
[Round "1"]
[White "Markos, Jan"]
[Black "Aczel, Gergely"]
[Result "0-1"]
[WhiteElo "2559"]
[BlackElo "2532"]
[Annotator "TA"]
[PlyCount "68"]
[EventDate "2017.09.30"]
[EventType "team-tourn"]
[EventCountry "SVK"]
[SourceTitle "playchess.com"]
[Source "ChessBase"]
[SourceQuality "1"]

{[%evp 19,68,0,12,4,17,0,0,-9,0,-5,-8,-6,0,-18,-12,-28,-15,-33,-34,-56,-72,-72,-73,-66,-71,-62,-51,-42,-43,-405,-404,-433,-432,-428,-423,-570,-492,-497,-491,-595,-623,-703,-702,-811,0,-487,0,-802,-673,-1129,-1111]} 1. Nf3 d5 2. g3 c6 3. Bg2 Bg4 4. O-O Nf6 5. d4 e6 6. Nbd2 Nbd7 7. Re1 Be7 8. e4 O-O 9. c3 Bh5 10. Qb3 Qb6 11. exd5 {D02: 1 d4 d5 2 Nf3 sidelines, including 2...Nf6 3 g3 and 2...Nf6 3 Bf4} cxd5 12. Ne5 Nxe5 13. Rxe5 {[%cal Rg2d5] The position is equal.} (13. Qxb6 {feels hotter.} axb6 14. dxe5 Nd7 15. Nb3 Nc5 16. Nd4) 13... Bg6 (13... Bd6 {keeps more tension.} 14. Re1 Qc6 15. c4 a5 16. c5 Be7) 14. Re1 {[#]} Qxb3 $146 ({Predecessor:} 14... Rfc8 15. Qd1 a6 16. Nf3 Qd8 17. Ne5 b5 18. a3 a5 19. Bg5 Ra7 20. h4 Qb6 21. Bxf6 gxf6 {½-½ (21) Paunovic,D (2475)-Korneev,O (2649) Seville 2006}) 15. Nxb3 Rfc8 16. Bg5 b5 17. Rac1 a5 18. a3 h6 19. Bxf6 Bxf6 20. Nc5 {[#]} b4 $1 {[%mdl 512]} 21. Nd7 (21. axb4 axb4) 21... bxa3 22. bxa3 Bg5 (22... Ra7 $5 {[%cal Ra7d7]} 23. Nxf6+ gxf6 $15) 23. f4 Be7 {Threatens to win with ...Ra7.} 24. Bxd5 $2 {[%mdl 8192] [#]} (24. Nb6 $1 $15 Bxa3 25. Nxa8 Rxa8 26. c4) 24... Ra7 $1 $19 25. Nb6 Rb8 26. Bxe6 fxe6 ({Much less strong is} 26... Rxb6 27. f5 $19) 27. Rxe6 Bf5 28. Rc6 Bxa3 29. Re1 Ra6 30. Re5 Bd3 31. Ree6 Bf5 32. Re5 Bd3 (32... Rbxb6 $2 33. Rxb6 Rxb6 34. Rxa5 $19) (32... Bd7 $142 33. Rc7 Bd6 34. Rxd7 Bxe5) 33. Ree6 $1 a4 34. d5 {[#]} Raxb6 $1 {[%mdl 512] Precision: White = 41%, Black = 65%.} 0-1

[Event "SVK Extraliga 2017-18"]
[Site "Slovakia"]
[Date "2017.09.30"]
[Round "1"]
[White "Michalik, Peter"]
[Black "Vajda, Levente"]
[Result "1/2-1/2"]
[WhiteElo "2546"]
[BlackElo "2588"]
[Annotator "TA"]
[PlyCount "30"]
[EventDate "2017.??.??"]
[EventType "team-tourn"]
[EventCountry "SVK"]
[SourceTitle "playchess.com"]
[Source "ChessBase"]
[SourceQuality "1"]

{[%evp 9,30,21,22,9,11,8,8,13,18,25,24,12,20,0,6,-18,17,10,18,9,13,17,24]} 1. e4 e5 2. Nf3 Nc6 3. Bc4 Bc5 4. O-O Nf6 5. d3 {[%cal Bd2d3,Bd3d4][%mdl 32]} O-O 6. a4 {C50: Hungarian Defence and Giuoco Pianissimo} a5 7. h3 (7. c3 d5 8. exd5 Nxd5 9. Nbd2 Nb6 10. Bb5 Bd6 11. Ne4 Bg4 12. h3 Bh5 13. Ng3 Bg6 {0-1 (39) Anand,V (2783)-Aronian,L (2799) Saint Louis 2017}) 7... d6 8. c3 Bb6 9. Re1 Ne7 10. d4 Ng6 {The position is equal.} 11. Bf1 c6 12. Nbd2 Bc7 $146 ({Predecessor:} 12... Qe7 13. b3 Rd8 14. Ba3 Qe8 15. Qc2 {1-0 (56) Di Giannantonio,N (2351)-Trombetta,G (1949) Mar del Plata 2016}) 13. Qc2 Re8 14. dxe5 Nxe5 15. Nxe5 dxe5 {Precision: White = 54%, Black = 52%.} 1/2-1/2

[Event "SVK Extraliga 2017-18"]
[Site "Slovakia"]
[Date "2017.09.30"]
[Round "1"]
[White "Antoniewski, Rafal"]
[Black "Krejci, Jan"]
[Result "0-1"]
[WhiteElo "2537"]
[BlackElo "2551"]
[Annotator "TA"]
[PlyCount "64"]
[EventDate "2017.09.30"]
[EventType "team-tourn"]
[EventCountry "SVK"]
[SourceTitle "playchess.com"]
[Source "ChessBase"]
[SourceQuality "1"]

{[%evp 16,64,7,0,14,8,5,5,5,0,2,2,6,0,0,0,0,0,0,-21,0,0,0,-25,-16,-14,5,-15,-14,-10,-12,-15,-18,-22,-40,-35,0,-287,-287,-287,-287,-287,-287,-287,-279,-446,-424,-1134,-1101,-953,-899]} 1. d4 Nf6 2. c4 e6 3. Nc3 Bb4 4. e3 d5 5. Nf3 O-O 6. Bd3 c5 7. O-O dxc4 8. Bxc4 Nc6 9. Bd3 {LiveBook: 17 Games. E54: Nimzo-Indian: Rubinstein: Main Line: 7...dxc4 8 Bxc4} h6 10. a3 (10. dxc5 Bxc5 11. a3 Bd6 12. b4 Ne5 13. Nxe5 Bxe5 14. Bb2 Nd5 15. Qd2 b6 16. Nxd5 Qxd5 {½-½ (61) Jones,G (2660)-Cornette,M (2606) Porticcio 2017}) 10... Ba5 11. Bc2 {The position is equal.} Qe7 12. Ne4 Nxe4 13. Bxe4 cxd4 14. Nxd4 $146 ({Predecessor:} 14. exd4 Rd8 15. Qa4 Bb6 16. Bxc6 bxc6 17. Be3 c5 18. Rfd1 {½-½ (34) Garriga Cazorla,P (2461)-Satyapragyan,S (2392) Barbera del Valles 2015}) 14... Nxd4 15. Qxd4 Rd8 16. Qc4 Bc7 17. g3 Rb8 18. b4 Be5 19. Ra2 Bd7 20. Bb2 Qf6 21. Qe2 Ba4 22. Rc1 Rbc8 $36 {[%mdl 2048] Black has good play.} 23. Rxc8 Rxc8 24. Bxe5 Qxe5 25. Bxb7 Rc7 26. f4 $2 {[%mdl 8192]} (26. Ba8 $11 {and White stays safe.}) 26... Qf5 $19 27. Bg2 {[#]} Qb1+ $1 28. Bf1 Bc2 29. Qd2 Kh7 30. Qd6 (30. Rxc2 {only move.} Rxc2 31. Qd3+ f5 32. e4) 30... Rc3 {Black is clearly winning.} 31. Qd4 (31. Rxc2 $142 Qxc2 32. a4) 31... Bd3 {[%csl Gd3][%cal Rb1f1] [#]} 32. Rf2 Rc1 {Precision: White = 55%, Black = 74%.} 0-1

[Event "SVK Extraliga 2017-18"]
[Site "Slovakia"]
[Date "2017.09.30"]
[Round "1"]
[White "Antal, Gergely"]
[Black "Rohacek, Miroslav"]
[Result "1-0"]
[WhiteElo "2526"]
[BlackElo "2266"]
[Annotator "TA"]
[PlyCount "81"]
[EventDate "2017.09.30"]
[EventType "team-tourn"]
[EventCountry "SVK"]
[SourceTitle "playchess.com"]
[Source "ChessBase"]
[SourceQuality "1"]

{[%evp 19,81,22,25,19,35,22,33,27,22,25,29,26,39,46,56,33,52,24,58,65,64,46,53,39,44,38,127,141,129,131,146,157,145,153,149,150,155,96,120,0,143,156,129,134,241,163,173,161,395,417,412,405,529,322,302,77,391,374,2573,2192,29993,29994,29994,29995]} 1. e4 c5 2. Nf3 d6 3. d4 cxd4 4. Qxd4 Nc6 5. Bb5 Bd7 6. Qd3 {B53: Sicilian: 2...d6: Lines with Qxd4} a6 7. Bxc6 Bxc6 8. c4 Nf6 9. Nc3 g6 10. O-O Bg7 {LiveBook: 8 Games} 11. Nd4 O-O 12. h3 Nd7 $146 ({Predecessor:} 12... Rc8 13. Be3 Nd7 {1-0 (47) Alekseev,E (2710)-Lovkov,R (2461) St Petersburg 2013}) 13. Be3 Nc5 14. Qc2 Rc8 15. Rac1 Bd7 16. Rfd1 Qe8 17. Nd5 Bc6 18. Nxc6 Rxc6 19. Bg5 f6 20. Be3 Qf7 21. b4 {[%cal Bb2b4,Bb4b5][%mdl 32]} Nd7 22. Qb3 f5 (22... e6 $14) 23. exf5 gxf5 24. b5 Nc5 25. Qa3 Rcc8 {[#]} 26. Nb6 $1 {[%cal Rb6c8]} Rc7 {[#]} 27. Bxc5 $1 dxc5 28. Nd5 ({White should play} 28. Rd7 Rxd7 29. Nxd7) 28... Rcc8 $16 29. Nb6 Rc7 $1 30. Rd7 Rxd7 31. Nxd7 Rd8 (31... Re8 $16 {was worth a try.}) 32. Qxc5 {Black must now prevent Qc7.} (32. bxa6 $6 bxa6 33. Nxc5 Rc8 $16) 32... axb5 33. cxb5 {And now Qc7 would win.} ({Resist} 33. Qxb5 e6 $16) 33... Qxa2 $2 (33... Qe6 {might work better.}) 34. Qxe7 $18 Ra8 35. Nf6+ Kh8 {Threatening ...Qb2.} 36. Ne8 {[%csl Ge8][%cal Re7g7]} Bd4 37. Kh1 $2 $40 {[%mdl 128] White has strong attack.} (37. Rf1 $18 {and White stays clearly on top.}) 37... Qg8 $2 {[%mdl 8192]} (37... Qa3 $16 {is a better chance.} 38. Qxa3 Rxa3) 38. Nd6 {Threatens to win with Nf7+.} Bxf2 $2 (38... Rf8 39. Rc7 (39. Nxb7 Qg7 $18) 39... Qg7 40. Qxg7+ (40. Rxb7 Qxe7 41. Rxe7 Bxf2 $16) 40... Bxg7 41. Rxb7 Bd4) 39. Nxf5 {White wants to mate with Qf6+.} Qf8 40. Qe5+ Kg8 41. Rc7 {Precision: White = 73%, Black = 41%.} 1-0

[Event "SVK Extraliga 2017-18"]
[Site "Slovakia"]
[Date "2017.09.30"]
[Round "1"]
[White "Stohl, Igor"]
[Black "Bokros, Albert"]
[Result "1/2-1/2"]
[WhiteElo "2504"]
[BlackElo "2485"]
[Annotator "TA"]
[PlyCount "33"]
[EventDate "2017.09.30"]
[EventType "team-tourn"]
[EventCountry "SVK"]
[SourceTitle "playchess.com"]
[Source "ChessBase"]
[SourceQuality "1"]

{[%evp 17,33,22,33,8,36,33,33,16,22,-5,-5,-8,-8,-18,-12,-6,-7,-7]} 1. d4 Nf6 2. c4 e6 3. Nc3 d5 4. Bg5 Be7 5. e3 O-O 6. Nf3 Nbd7 7. Rc1 h6 8. Bh4 a6 9. c5 c6 {LiveBook: 8 Games. D63: Queen's Gambit Declined: Classical: 7 Rc1} (9... Ne4 10. Bxe7 Qxe7 11. Nxe4 dxe4 12. Nd2 Nf6 13. Nc4 Bd7 14. Ne5 Bb5 15. Qc2 Bxf1 16. Kxf1 Qd8 17. h4 {½-½ (53) Lenderman,A (2587)-Seirawan,Y (2643) Saint Louis 2012}) 10. b4 Nh5 11. Bxe7 Qxe7 {White is slightly better.} 12. Nd2 $146 ({Predecessor:} 12. Ne5 Nhf6 13. f4 Nxe5 14. fxe5 Nd7 15. Be2 Qh4+ 16. g3 Qg5 17. Qd3 {1-0 (91) Rees,I (2179)-Hughes,B Newport 2004}) 12... Nhf6 {The position is equal.} 13. f4 b6 14. Bd3 a5 15. a3 $1 axb4 16. axb4 bxc5 17. bxc5 1/2-1/2

[Event "SVK Extraliga 2017-18"]
[Site "Slovakia"]
[Date "2017.09.30"]
[Round "1"]
[White "Nagy, Gabor"]
[Black "Vetoshko, Volodymyr"]
[Result "0-1"]
[WhiteElo "2470"]
[BlackElo "2534"]
[Annotator "TA"]
[PlyCount "92"]
[EventDate "2017.09.30"]
[EventType "team-tourn"]
[EventCountry "SVK"]
[SourceTitle "playchess.com"]
[Source "ChessBase"]
[SourceQuality "1"]

{[%evp 16,92,13,6,6,0,26,14,29,8,37,40,27,27,32,26,34,10,24,-4,0,-63,-49,-77,-85,-85,-85,-85,-85,-78,-72,-90,-58,-62,-49,-49,-46,-42,-52,-47,-49,-87,-94,-120,-112,-117,-113,-122,-106,-119,-112,-116,-116,-124,-91,-110,-81,-81,-81,-143,-139,-122,-129,-145,-120,-199,-196,-137,-137,-178,-175,-444,-429,-430,-427,-368,-387,-666,-659]} 1. Nf3 Nf6 2. c4 b6 3. g3 Bb7 4. Bg2 g6 5. O-O Bg7 6. Nc3 O-O 7. d4 Ne4 8. Nxe4 Bxe4 9. Be3 d6 {A50: Queen's Fianchetto Defence (1 d4 Nf6 2 c4 b6)} 10. Qd2 c5 11. d5 $146 ({Predecessor:} 11. Rac1 Nd7 12. Rfd1 Nf6 13. Bh6 Qc7 14. Bxg7 Kxg7 15. Ne1 Rad8 16. f3 Bb7 17. d5 b5 18. b3 bxc4 19. bxc4 e5 {1-0 (56) Zherebukh,Y (2632)-Ipatov,A (2662) Saint Louis 2017}) 11... Nd7 {The position is equal.} 12. Bh6 Bxh6 13. Qxh6 {aiming for Ng5.} Bxf3 14. exf3 Rb8 {[%cal Ba8b8,Bb8b5,Bb5b4,Bb4d4][%mdl 32]} 15. a4 a6 16. Rfe1 b5 17. axb5 axb5 18. cxb5 (18. b3 $1 $11) 18... Rxb5 $15 19. Re2 Nf6 20. Qd2 Rb4 21. f4 Rd4 22. Qe1 Re8 23. Rd2 Rb4 24. Ra7 Kf8 25. Qa1 Qb6 26. Ra6 Qc7 27. Ra7 Rb7 28. Rxb7 Qxb7 29. Bf1 Ra8 30. Qd1 Qb4 31. Rc2 Qe4 32. Bc4 {[#]} Ra1 $1 {[%mdl 512]} 33. Qxa1 Qxc2 34. b3 h5 35. h4 Kg8 36. Qe1 Ne4 37. Kg2 (37. Qe2 $142 Qxe2 38. Bxe2) 37... f5 $1 $17 38. Qe3 Kf8 39. Be2 Qd2 40. Qd3 (40. Bd3 $17) 40... Qxd3 $1 $19 41. Bxd3 {[%mdl 4096] Endgame [#] KB-KN} Nf6 $1 42. Bc4 {[#]} Ke8 $1 43. f3 $2 (43. Kf1 {keeps fighting.}) 43... Kd7 44. Kf2 Kc7 45. Ke3 Kb6 46. Kd3 $2 {[#]} (46. Kd2 Ne8 47. Kc3) 46... e6 $1 {[%mdl 512] Precision: White = 37%, Black = 84%.} 0-1

[Event "SVK Extraliga 2017-18"]
[Site "Slovakia"]
[Date "2017.09.30"]
[Round "1"]
[White "Czebe, Attila"]
[Black "Maslik, Miroslav"]
[Result "1/2-1/2"]
[WhiteElo "2465"]
[BlackElo "2357"]
[Annotator "TA"]
[PlyCount "46"]
[EventDate "2017.09.30"]
[EventType "team-tourn"]
[EventCountry "SVK"]
[SourceTitle "playchess.com"]
[Source "ChessBase"]
[SourceQuality "1"]

{[%evp 17,46,75,75,-10,-10,-10,-10,-29,-20,-21,-13,-7,-7,-11,-4,-4,-4,-4,-4,-7,-8,-12,-10,-10,-10,-8,-4,-4,-4,-4,-4]} 1. Nf3 c5 2. e4 Nc6 3. d4 cxd4 4. Nxd4 e5 5. Nb5 a6 6. Nd6+ Bxd6 7. Qxd6 Qf6 8. Qd1 Qg6 9. Nc3 Nge7 10. g3 {B32: Sicilian: Löwenthal and Kalashnikov Variations} (10. Be3 $16) (10. h4 h5 11. Rh3 d5 12. Rg3 Bg4 13. f3 dxe4 14. fxg4 Rd8 15. Bd2 f5 16. Re3 hxg4 17. Kf2 Rxh4 18. Rc1 Qd6 19. Ke1 {0-1 (26) Kramnik,V (2754)-Vallejo Pons,F (2686) Monte Carlo 2005}) 10... d5 $11 11. exd5 Nb4 12. Bd3 $1 {[%cal Rd3g6]} Nxd3+ 13. Qxd3 {The position is equal.} Qxd3 14. cxd3 Bh3 $146 ({Predecessor:} 14... Bf5 15. Ne4 Rd8 16. Bg5 f6 17. Bd2 Rxd5 {0-1 (43) Hejny,J-Veznik,P Zlin 1999}) 15. f4 O-O-O 16. fxe5 {[#] aiming for Bg5.} Nxd5 {Threatens to win with ...Nb4.} 17. Bg5 f6 18. exf6 gxf6 19. Bh6 Rhe8+ 20. Kd2 Nb4 21. Rae1 Rxd3+ 22. Kc1 Rxe1+ 23. Rxe1 Rxc3+ 1/2-1/2

[Event "SVK Extraliga 2017-18"]
[Site "Slovakia"]
[Date "2017.09.30"]
[Round "1"]
[White "Bagi, Mate"]
[Black "Skara, Vladimir"]
[Result "1/2-1/2"]
[WhiteElo "2456"]
[BlackElo "2230"]
[Annotator "TA"]
[PlyCount "39"]
[EventDate "2017.09.30"]
[EventType "team-tourn"]
[EventCountry "SVK"]
[SourceTitle "playchess.com"]
[Source "ChessBase"]
[SourceQuality "1"]

{[%evp 19,39,-39,-14,-22,-10,-1,20,15,26,-18,-19,-16,17,-49,-23,-15,-8,-54,-20,-9,-19,-38]} 1. e4 e6 2. Qe2 e5 3. Nf3 Nc6 4. Qd1 (4. g3 d6 5. Bg2 g6 6. O-O Bg7 7. c3 Nge7 8. b4 a6 9. a4 O-O 10. d3 h6 11. Bb2 Be6 12. Nbd2 {½-½ (52) Zvjaginsev,V (2643)-Usmanov,V (2459) Sochi 2017}) 4... Nf6 5. Nc3 d5 6. exd5 {C00: French: Unusual White 2nd moves} Nxd5 7. Bb5 Nxc3 8. bxc3 Bd6 9. d3 O-O $146 ({Predecessor:} 9... Bg4 10. h3 Bh5 11. Qe2 O-O 12. Bxc6 bxc6 13. Qe4 Bg6 14. Qh4 e4 15. Qxd8 Rfxd8 {½-½ (44) Winter,A-Lochte,T (2225) Passau 1997}) 10. Ng5 h6 {LiveBook: 16 Games} 11. Ne4 Be7 {[%cal Bd6e7,Be7f6,Bf6e5][%mdl 32]} 12. O-O a6 13. Bxc6 bxc6 14. f4 f5 15. Ng3 Bf6 16. Ne2 (16. Nh5 $11) 16... Qe7 17. fxe5 Bxe5 18. d4 Bf6 19. Nf4 {[#] Hoping for Ng6.} Qf7 20. Nh5 1/2-1/2

[Event "SVK Extraliga 2017-18"]
[Site "Slovakia"]
[Date "2017.09.30"]
[Round "1"]
[White "Petenyi, Tamas"]
[Black "Rigo, Zsolt"]
[Result "1/2-1/2"]
[WhiteElo "2449"]
[BlackElo "2391"]
[Annotator "TA"]
[PlyCount "69"]
[EventDate "2017.09.30"]
[EventType "team-tourn"]
[EventCountry "SVK"]
[SourceTitle "playchess.com"]
[Source "ChessBase"]
[SourceQuality "1"]

{[%evp 9,69,-26,-15,-20,2,-29,-8,-31,-20,-59,-43,-80,-63,-53,-58,-84,-71,-102,-54,-77,-60,-58,-59,-50,-4,-8,-8,-14,0,-99,-75,-68,0,0,18,11,16,8,0,0,15,12,7,-20,-20,-29,-29,-26,-7,-8,0,0,0,-80,-62,-79,0,0,0,0,0,-58]} 1. e4 c5 2. b3 e6 3. Bb2 a6 4. f4 (4. g3 d5 5. Bg2 Nf6 6. e5 Nfd7 7. c4 dxc4 8. bxc4 Be7 9. f4 O-O 10. Nc3 Nc6 11. Bxc6 bxc6 {1-0 (46) Morozevich,A (2722)-Potkin,V (2625) Moscow 2014}) 4... d5 5. Nc3 Nf6 $146 ({Predecessor:} 5... Nc6 6. Nf3 Nf6 7. e5 Nh5 8. g3 g6 9. Bg2 Be7 10. O-O Ng7 {0-1 (42) Bouton,C (2088)-Micottis,D (2065) Paris 2014}) 6. e5 {B20: Sicilian: Unusual White 2nd moves} Ng8 {[%cal Bf6g8,Bg8h6,Bh6f5,Bf5d4][%mdl 32]} 7. Qh5 g6 8. Qh3 h5 9. O-O-O Nh6 10. Nf3 Nc6 11. Kb1 b5 12. Be2 Bd7 13. Qg3 Qa5 14. Ng5 {White wants to play Nxd5.} Nf5 15. Qf2 Nfd4 16. g4 Nb4 {aiming for ...hxg4.} 17. f5 exf5 18. gxh5 gxh5 {[#] Hoping for ...Be7.} 19. Bd3 (19. Rdg1 $11) 19... Be7 ({Of course not} 19... Nxd3 $6 20. cxd3 Bh6 21. b4 $11) 20. Rhg1 Bxg5 (20... Rc8 $15) 21. Rxg5 $11 Nxd3 22. cxd3 Be6 $1 23. Rdg1 O-O-O {[%cal Be8c8,Bc8b7,Bb7b6][%mdl 32]} 24. Nd1 Nc6 {[#] Strongly threatening ...d4.} 25. Qxc5 Kb7 {And now ...d4 would win.} 26. Bc3 Qb6 $36 {[%mdl 2048] Black has some pressure.} 27. Qxb6+ $1 Kxb6 28. d4 $1 b4 29. Bb2 Ne7 30. Nf2 f4 31. Kc1 (31. Nd3 $1 $11 {keeps the balance.}) 31... Bf5 $17 32. Kd1 Rdg8 (32... a5 $17) 33. Rxg8 $11 {The position is equal.} Rxg8 34. Rxg8 Nxg8 35. d3 {Precision: White = 40%, Black = 52%.} (35. Ke2 $11) 1/2-1/2

[Event "SVK Extraliga 2017-18"]
[Site "Slovakia"]
[Date "2017.09.30"]
[Round "1"]
[White "Druska, Juraj"]
[Black "Tazbir, Marcin"]
[Result "0-1"]
[WhiteElo "2448"]
[BlackElo "2513"]
[Annotator "TA"]
[PlyCount "78"]
[EventDate "2017.09.30"]
[EventType "team-tourn"]
[EventCountry "SVK"]
[SourceTitle "playchess.com"]
[Source "ChessBase"]
[SourceQuality "1"]

{[%evp 13,78,45,50,30,59,12,0,-17,-16,-9,-9,-50,12,18,35,28,43,0,37,0,45,0,0,-61,-70,-131,0,0,0,0,0,-38,0,0,0,-34,-29,-76,-55,-61,-62,-125,0,-93,-49,-491,-491,-460,-282,-261,-275,-262,-262,-1121,-1047,-1865,-107,-1803,-1773,-1597,-1108,-1823,-1684,-1704,-1703,-1616,-1541]} 1. e4 c5 2. Nf3 d6 3. d4 cxd4 4. Qxd4 Nc6 5. Bb5 Bg4 6. Nc3 a6 {B53: Sizilianisch (Ungarische Variante)} (6... Bxf3 7. gxf3 Qd7 8. Bxc6 bxc6 9. Rg1 Rb8 10. Be3 c5 11. Qd3 g6 12. O-O-O Bg7 13. Bxc5 Qb7 14. Bd4 {1-0 (31) Sulskis,S (2544)-Maki,V (2409) Plovdiv 2010}) 7. Bxc6+ bxc6 {LiveBook: 3 Partien} 8. Qc4 Qc8 {Weiß hat minimalen Vorteil.} 9. Nd4 $146 (9. Ng5 $5 {[%cal Rc4f7]} Bh5 10. g4 $11) ({Vorgänger:} 9. Ng5 e6 10. e5 Bf5 11. exd6 Bxd6 12. Nce4 Bb8 13. Be3 h6 {1-0 (24) Ausan,L-Bandlow,M (1763) Berlin 2002}) 9... Bd7 10. Bg5 h6 11. Bh4 e5 12. Nb3 (12. Nde2 {with more complications.} Rb8 13. b3 d5 14. Qd3 d4 15. Nb1) 12... Be6 (12... Ne7 $15) 13. Qa4 $11 g5 14. Bg3 Nf6 15. O-O-O Qc7 (15... a5 $5) 16. f3 Be7 17. Bf2 Nd7 18. Rd2 (18. Na5 $11) 18... a5 $1 $15 19. g4 (19. Kb1 $15) 19... f6 (19... h5 $17 20. gxh5 Rxh5) 20. h4 $11 Kf8 21. Be3 Kg7 22. hxg5 fxg5 23. Rdh2 d5 24. exd5 cxd5 25. Nb5 {[#]} Qc6 $1 26. Nxa5 Qc8 27. Na7 (27. Re1 $15) 27... Qe8 ({Günstiger ist} 27... Qf8 $17 28. Qc6 Qf6) 28. Qc6 (28. Re1 $1 $11 {bleibt in der Remisbreite.}) 28... Qf7 $17 {Weiss muss nun ...d4 beachten.} 29. Rxh6 $2 {[%mdl 8192]} (29. Nb3 $15) 29... Rxh6 $19 30. Rxh6 Kxh6 31. Qxa8 {Und Dh8+ würde nun gewinnen.} Qxf3 32. Qh8+ Kg6 33. Qh5+ $2 (33. Qe8+ Bf7 34. Qxd7 Qxe3+ 35. Kd1 Qg1+ 36. Ke2 Qg2+ 37. Kd1 Qf1+ 38. Kd2 Qg2+ 39. Kd1 Qf1+ 40. Kd2 Qg2+ 41. Kd1) 33... Kg7 34. Bxg5 Qf1+ 35. Kd2 {[#]} Nf6 $1 {[%cal Rf6e4] Schwarz steht klar auf Gewinn.} 36. Bxf6+ Bxf6 37. N7c6 Qf4+ 38. Kc3 d4+ {[%cal Bd5d4,Bd4d3][%mdl 32]} 39. Kb4 d3+ {Precision: Weiß = 32%, Schwarz = 67%.} 0-1